| 000 | 01150nam0a2200337 4500 | ||
|---|---|---|---|
| 001 | RU\NLR\bibl\132473 | ||
| 005 | 20260406115254.0 | ||
| 020 |
_aRU _b98-19746 _9Книжная летопись |
||
| 021 |
_aRU _b98-8005 _9379 |
||
| 035 | _a(NLR Aleph) 000129759 | ||
| 090 |
_a740803 _c740803 |
||
| 100 | _a19990528d1998 |||y0rusy50 ca | ||
| 101 | 0 | _arus | |
| 102 | _aRU | ||
| 105 | _aa ||||||||| | ||
| 200 | 1 |
_aФизика _eПособие для поступающих в Сиб. гос. ун-т путей сообщ. _f[Сост. И. И. Рогов] |
|
| 210 |
_aНовосибирск _cСГАПС _d1998 |
||
| 215 |
_a163 с. _cил. _d21 |
||
| 610 | 0 | _aФизика | |
| 675 |
_a373.167.1:53+53(075.3) _v3 _zrus |
||
| 686 |
_a14.25 _2rugasnti |
||
| 686 |
_aя7 _2rubbk |
||
| 701 | 1 |
_aРогов _bИ. И. _4070 |
|
| 712 | 0 | 2 |
_4570 _aСибирская академия путей сообщения _cНовосибирск _3RU\NLR\AUTH\8811542 _9295777 |
| 801 | 0 |
_aRU _bRKP _c19990528 _gPSBO |
|
| 801 | 1 |
_aRU _bRKP _c19990528 |
|
| 801 | 2 |
_aRU _bNLR _c20010816 _grcr |
|
| 852 |
_aNLR _j2000-3/18274 |
||
| 942 | _cBOOK | ||
| 980 | _aNB | ||